000 01280cam a22002771i 4500
003 OSt
005 20260317130110.0
008 260212s1898 le f 000 0 ara c
040 _aSA-MaUQU
_bara
_cSA-RiAUC
_erda
041 1 _aara
_htur
043 _aa-tu---
082 0 4 _a345.5610773
_qSA-RiAUC
090 _aم ن 345.5610773
_bك ت ا
245 0 0 _aكتاب التحقيقات الابتدائية في الأمور الجزائية /
_cترجمة من التركية إلى العربية محمد توفيق أفندي المرعشلي.
264 1 _aبيروت :
_bالمكتبة العمومية،
_c1898
264 3 _aبيروت :
_bالمطبعة العلمية ليوسف إبراهيم
300 _a200 صفحة ؛
_c29 سم
336 _aنص
_btxt
_2rdacontent
_3كتاب
337 _aبدون وسيط
_bn
_2rdamedia
338 _aمجلد
_bnc
_2rdacarrier
650 7 _aقانون العقوبات
_zتركيا
_yالإمبراطورية العثمانية، 1288-1918
_2aucsh
650 7 _aالقانون الجنائي
_zتركيا
_yالإمبراطورية العثمانية، 1288-1918
_2aucsh
700 1 _aالمرعشلي، محمد توفيق،
_cأفندي
_eمترجم.
942 _2ddc
_cRBOOK COPY
_n0
949 _aSA-JeALM
_d260212
_umohamedma123
_n1
999 _c14670
_d14670